[Event "Bouches du Rhone op 0607"]
[Site "Bouches du Rhone"]
[Date "2007.02.17"]
[Round "6"]
[White "Pierrugues, Laurent"]
[Black "Girard, Jean Pierre"]
[Result "0-1"]
[WhiteElo "1910"]
[BlackElo "1973"]
[PlyCount "96"]
[EventDate "2006.10.21"]
[EventType "swiss"]
[EventRounds "9"]
[EventCountry "FRA"]
[SourceTitle "EXT 2008"]
[Source "ChessBase"]
[SourceDate "2007.11.25"]
[SourceVersion "1"]
[SourceVersionDate "2007.11.25"]
[SourceQuality "1"]

1. Nf3 Nf6 2. g3 b6 3. Bg2 Bb7 4. 0-0 e6 5. d4 c5 6. c3 Be7 7. Bf4 d6 8. Na3 a6 9. Qb3 Nbd7 10. Rad1 Qc7 11. Rfe1 0-0 12. Nc4 b5 13. Ncd2 Rac8 14. Rc1 h6 15. h3 Nd5 16. e4 Nxf4 17. gxf4 Rce8 18. Nf1 Bf6 19. N1h2 g6 20. Ng4 Bg7 21. a4 c4 22. Qc2 f5 23. exf5 exf5 24. Ne3 Be4 25. Qd1 Nf6 26. axb5 axb5 27. Nh4 Kh7 28. Bxe4 Rxe4 29. Qf3 Rfe8 30. Qg3 Qf7 31. Neg2 Nh5 32. Qf3 Bf6 33. Qd1 Bxh4 34. Rxe4 Rxe4 35. Nxh4 Nxf4 36. Kh2 Nd3 37. Nf3 Nxc1 38. Qxc1 Qe7 39. Qa1 Qb7 40. Kg3 g5 41. Nd2 Re2 42. Nf3 Qe7 43. Qb1 Qe4 44. Qa1 Qf4+ 45. Kg2 Re7 46. Qd1 g4 47. hxg4 Qxg4+ 48. Kh1 Rg7 0-1

[Event "Bouches du Rhone op 0607"]
[Site "Bouches du Rhone"]
[Date "2006.12.02"]
[Round "2"]
[White "Nari, Damien"]
[Black "Pierrugues, Laurent"]
[Result "1-0"]
[WhiteElo "1755"]
[BlackElo "1910"]
[PlyCount "107"]
[EventDate "2006.10.21"]
[EventType "swiss"]
[EventRounds "9"]
[EventCountry "FRA"]
[SourceTitle "EXT 2008"]
[Source "ChessBase"]
[SourceDate "2007.11.25"]
[SourceVersion "1"]
[SourceVersionDate "2007.11.25"]
[SourceQuality "1"]

1. e4 e6 2. d4 d5 3. Nc3 Bb4 4. e5 Ne7 5. Qg4 c5 6. a3 Bxc3+ 7. bxc3 Nbc6 8. Qxg7 Rg8 9. Qxh7 cxd4 10. f4 Qa5 11. Ne2 Bd7 12. Bd2 Qa4 13. Qd3 Nf5 14. g4 Nh4 15. h3 Rc8 16. cxd4 Nxd4 17. Nxd4 Qxd4 18. Qxd4 Nf3+ 19. Kd1 Nxd4 20. Bd3 Ba4 21. Ra2 Kd7 22. Rb2 b6 23. Be3 Nc6 24. Rh2 Rh8 25. Ke2 Na5 26. Rb4 Bxc2 27. h4 Bxd3+ 28. Kxd3 Nc4 29. Bd4 Rcg8 30. g5 Rh5 31. Rh1 Na5 32. Bf2 Rc8 33. Rhb1 Nc6 34. R4b3 Ne7 35. Rc3 Nf5 36. Rxc8 Kxc8 37. Rh1 Kb7 38. Ke2 Kc6 39. Kf3 a5 40. a4 b5 41. Rc1+ Kb7 42. axb5 d4 43. Kg4 Rh8 44. h5 Kb6 45. h6 Kxb5 46. Rc7 Rh7 47. g6 Rxh6 48. gxf7 Rh8 49. Kg5 Kb6 50. Rc1 Kb7 51. Rh1 Rd8 52. Kf6 d3 53. Kxe6 Rf8 54. Bc5 1-0

[Event "Vitrolles Majeur op 0405"]
[Site "Vitrolles"]
[Date "2005.04.09"]
[Round "9"]
[White "Battaglia, Gerard"]
[Black "Pierrugues, Laurent"]
[Result "1-0"]
[WhiteElo "1980"]
[BlackElo "1880"]
[PlyCount "157"]
[EventDate "2004.10.16"]
[EventType "swiss"]
[EventRounds "9"]
[EventCountry "FRA"]
[SourceTitle "EXT 2008"]
[Source "ChessBase"]
[SourceDate "2007.11.25"]
[SourceVersion "1"]
[SourceVersionDate "2007.11.25"]
[SourceQuality "1"]

1. d4 Nf6 2. c4 g6 3. Nc3 Bg7 4. e4 d6 5. f4 0-0 6. Bd3 Na6 7. Nf3 Bg4 8. Be3 Nd7 9. h3 Bxf3 10. Qxf3 e5 11. fxe5 dxe5 12. d5 Nac5 13. Bc2 a5 14. 0-0 b6 15. Qg3 Nb7 16. Rf3 Nd6 17. b3 f5 18. Bg5 Bf6 19. Bxf6 Qxf6 20. Re1 f4 21. Qg4 Qg7 22. Nb5 Nc5 23. h4 Rf7 24. Rh3 h6 25. Qe2 Nxb5 26. cxb5 Raf8 27. Bd1 Qf6 28. Qc4 h5 29. Be2 Nb7 30. Rc1 Nd6 31. Qd3 Rg7 32. Rc6 Rff7 33. Bf3 Qe7 34. a4 Rf6 35. Qc2 Ne8 36. Rc3 Rd6 37. Qf2 Nf6 38. Qe2 Qd7 39. Rc4 Qe7 40. Qe1 Rd7 41. Bd1 Ng4 42. Rd3 g5 43. Bxg4 hxg4 44. Rxc7 Rxc7 45. d6 Qf6 46. dxc7 Rxc7 47. Qd1 gxh4 48. Qxg4+ Rg7 49. Qc8+ Kh7 50. Rd8 Rf7 51. Rd3 Rg7 52. Qc6 Qg5 53. Qc2 Qg6 54. Qe2 Rc7 55. Qe1 Qg5 56. Rh3 Rc2 57. Qxh4+ Qxh4 58. Rxh4+ Kg6 59. Rh3 Re2 60. Rc3 Rxe4 61. Rc6+ Kf7 62. Rxb6 Rb4 63. Ra6 Rxb3 64. Rxa5 e4 65. b6 Rxb6 66. Rf5+ Ke6 67. Rxf4 Ke5 68. a5 Ra6 69. Rh4 Kf5 70. Rh5+ Kg4 71. Re5 Kf4 72. Rc5 e3 73. Kf1 Ke4 74. Ke2 Kd4 75. Rg5 Ke4 76. Rg4+ Kf5 77. Ra4 Rg6 78. Kxe3 Rxg2 79. a6 1-0

[Event "Vitrolles Majeur op 0405"]
[Site "Vitrolles"]
[Date "2005.03.05"]
[Round "7"]
[White "Pierrugues, Laurent"]
[Black "Cipriani, Pierre"]
[Result "1-0"]
[WhiteElo "1880"]
[BlackElo "1800"]
[PlyCount "83"]
[EventDate "2004.10.16"]
[EventType "swiss"]
[EventRounds "9"]
[EventCountry "FRA"]
[SourceTitle "EXT 2008"]
[Source "ChessBase"]
[SourceDate "2007.11.25"]
[SourceVersion "1"]
[SourceVersionDate "2007.11.25"]
[SourceQuality "1"]

1. e4 d5 2. exd5 Qxd5 3. Nc3 Qa5 4. d4 Nf6 5. Bc4 Bg4 6. f3 Bh5 7. Nge2 Nc6 8. Bd2 0-0-0 9. Nd5 Qa4 10. Bb3 Qa6 11. Nb4 Nxb4 12. Bxb4 e5 13. Bxf8 Rhxf8 14. c3 exd4 15. cxd4 Rfe8 16. Kf2 g5 17. Qc2 g4 18. Rac1 Re7 19. Qc4 Qd6 20. Qc5 gxf3 21. gxf3 Rxe2+ 22. Kxe2 Ne4 23. Qxh5 Qf4 24. Qg4+ Qxg4 25. fxg4 Nf6 26. Bxf7 Rxd4 27. Be6+ Kb8 28. Kf3 a5 29. Rhd1 Rb4 30. b3 c6 31. Rc4 Rb5 32. Rf4 Nd5 33. Bxd5 cxd5 34. Rfd4 Rc5 35. Rxd5 Rc2 36. R1d2 Rc1 37. Rxa5 Rc3+ 38. Kg2 Kc7 39. Rh5 Re3 40. Rxh7+ Kb8 41. g5 b5 42. g6 1-0

[Event "Bouches du Rhone-ch 0203"]
[Site "Provence"]
[Date "2003.03.22"]
[Round "9"]
[White "Roux, Philippe"]
[Black "Pierrugues, Laurent"]
[Result "1-0"]
[WhiteElo "1960"]
[BlackElo "1890"]
[PlyCount "91"]
[EventDate "2002.10.??"]
[EventType "swiss"]
[EventRounds "9"]
[EventCountry "FRA"]
[SourceTitle "EXT 2005"]
[Source "ChessBase"]
[SourceDate "2004.11.15"]
[SourceVersion "1"]
[SourceVersionDate "2004.11.15"]
[SourceQuality "1"]

1. e4 e6 2. d4 d5 3. Nd2 c5 4. Ngf3 Nc6 5. exd5 exd5 6. Bb5 cxd4 7. 0-0 Bd6 8. Nb3 Nge7 9. Nbxd4 0-0 10. Bg5 Bg4 11. Bxc6 bxc6 12. Nxc6 Qc7 13. Nxe7+ Bxe7 14. Bxe7 Qxe7 15. Qxd5 Rfd8 16. Qg5 Qxg5 17. Nxg5 Rd2 18. f3 Bf5 19. Rf2 Rad8 20. Rxd2 Rxd2 21. Rc1 h6 22. Ne4 Bxe4 23. fxe4 Kf8 24. b4 Ke7 25. a4 Kd7 26. b5 Kc7 27. a5 Kd6 28. e5+ Kxe5 29. c4 Kd6 30. c5+ Kc7 31. b6+ Kc6 32. bxa7 Rd8 33. Re1 Kxc5 34. Re7 g5 35. Rxf7 Kd5 36. Rh7 Ke4 37. Rxh6 Ra8 38. Rh7 Kf5 39. Rb7 Ke4 40. Kf2 Kf4 41. h3 Ke4 42. Kg3 Kf5 43. a6 Kf6 44. Kg4 Kg6 45. Rb6+ Kg7 46. Kxg5 1-0

[Event "Bouches du Rhone-ch 0203"]
[Site "Provence"]
[Date "2003.01.25"]
[Round "5"]
[White "Burkel, Kevin"]
[Black "Pierrugues, Laurent"]
[Result "1-0"]
[WhiteElo "2129"]
[BlackElo "1890"]
[PlyCount "71"]
[EventDate "2002.10.??"]
[EventType "swiss"]
[EventRounds "9"]
[EventCountry "FRA"]
[SourceTitle "EXT 2005"]
[Source "ChessBase"]
[SourceDate "2004.11.15"]
[SourceVersion "1"]
[SourceVersionDate "2004.11.15"]
[SourceQuality "1"]

1. d4 Nf6 2. e3 g6 3. Bd3 Bg7 4. Nd2 d6 5. Ngf3 0-0 6. b3 Nc6 7. Bb5 Bg4 8. Bxc6 bxc6 9. Bb2 h6 10. h3 Bf5 11. g4 Be4 12. Nxe4 Nxe4 13. Nd2 Nxd2 14. Qxd2 c5 15. 0-0-0 cxd4 16. exd4 d5 17. Qe3 e6 18. f4 Qf6 19. h4 c5 20. g5 Qe7 21. gxh6 cxd4 22. Bxd4 Bxh6 23. Rdf1 Rfe8 24. Kb1 Bg7 25. h5 e5 26. fxe5 Bxe5 27. hxg6 fxg6 28. Rh6 Qg7 29. Qg5 Re6 30. Bxe5 Rxe5 31. Qxg6 Rae8 32. Qxg7+ Kxg7 33. Rd6 a5 34. Rd1 a4 35. Kb2 axb3 36. axb3 1-0

[Event "Bouches du Rhone-ch 0203"]
[Site "Provence"]
[Date "2002.11.23"]
[Round "3"]
[White "Tchifteyan, Philippe"]
[Black "Pierrugues, Laurent"]
[Result "0-1"]
[WhiteElo "1640"]
[BlackElo "1890"]
[PlyCount "64"]
[EventDate "2002.10.??"]
[EventType "swiss"]
[EventRounds "9"]
[EventCountry "FRA"]
[SourceTitle "EXT 2005"]
[Source "ChessBase"]
[SourceDate "2004.11.15"]
[SourceVersion "1"]
[SourceVersionDate "2004.11.15"]
[SourceQuality "1"]

1. e4 e6 2. Nc3 d5 3. exd5 exd5 4. d4 Nf6 5. Bd3 Be7 6. Nge2 0-0 7. 0-0 Bg4 8. Be3 Re8 9. f3 Bh5 10. Bf4 c6 11. Bg3 Bg6 12. Nf4 Nbd7 13. Nxg6 hxg6 14. Ne2 Nh5 15. c4 Nxg3 16. hxg3 dxc4 17. Bxc4 Nb6 18. Bb3 Bf6 19. g4 Qe7 20. Rf2 Rad8 21. g3 Qe3 22. Qc2 Bxd4 23. Nxd4 Rxd4 24. Qxg6 Nd5 25. Qh5 g6 26. Qh3 Rd2 27. Qg2 Qd4 28. f4 Ree2 29. Raf1 Ne3 30. Rxe2 Nxg2+ 31. Kxg2 Rxe2+ 32. Kh1 Qe4+ 0-1

[Event "Bouches du Rhone-ch 0203"]
[Site "Provence"]
[Date "2002.11.09"]
[Round "2"]
[White "Pierrugues, Laurent"]
[Black "Briquet, Xavier"]
[Result "1/2-1/2"]
[WhiteElo "1890"]
[BlackElo "1560"]
[PlyCount "80"]
[EventDate "2002.10.??"]
[EventType "swiss"]
[EventRounds "9"]
[EventCountry "FRA"]
[SourceTitle "EXT 2005"]
[Source "ChessBase"]
[SourceDate "2004.11.15"]
[SourceVersion "1"]
[SourceVersionDate "2004.11.15"]
[SourceQuality "1"]

1. Nf3 Nc6 2. d4 d5 3. g3 Nf6 4. Bg2 Bf5 5. c3 e6 6. Bg5 Be7 7. 0-0 h6 8. Bf4 0-0 9. Nbd2 Ne4 10. Nxe4 Bxe4 11. Nd2 Bxg2 12. Kxg2 Bg5 13. Bxg5 Qxg5 14. Nf3 Qe7 15. Qb3 b6 16. Rac1 Na5 17. Qc2 c5 18. e4 Rac8 19. exd5 exd5 20. Rfe1 Qd6 21. Qf5 Rfe8 22. Ne5 Qe6 23. Qf3 Nc6 24. Nd3 Qd6 25. dxc5 bxc5 26. Rcd1 Rcd8 27. b3 a5 28. c4 d4 29. Re4 Ne5 30. Nxe5 Rxe5 31. Rde1 Rxe4 32. Qxe4 d3 33. Rd1 d2 34. Qe3 Qc6+ 35. f3 Qd6 36. Kf2 Qd7 37. g4 Qc7 38. Kg2 Qd6 39. h3 f6 40. Qe4 Qc7 1/2-1/2

[Event "Bouches du Rhone-ch 0203"]
[Site "Provence"]
[Date "2002.10.05"]
[Round "1"]
[White "Mosti, Alain"]
[Black "Pierrugues, Laurent"]
[Result "1/2-1/2"]
[WhiteElo "1660"]
[BlackElo "1890"]
[PlyCount "46"]
[EventDate "2002.10.??"]
[EventType "swiss"]
[EventRounds "9"]
[EventCountry "FRA"]
[SourceTitle "EXT 2005"]
[Source "ChessBase"]
[SourceDate "2004.11.15"]
[SourceVersion "1"]
[SourceVersionDate "2004.11.15"]
[SourceQuality "1"]

1. e4 e6 2. d4 d5 3. exd5 exd5 4. Bd3 Nf6 5. Ne2 Be7 6. 0-0 0-0 7. Re1 Bg4 8. f3 Bh5 9. Nf4 Bg6 10. Nxg6 hxg6 11. Bg5 Nbd7 12. Nc3 c6 13. Ne2 Re8 14. c3 Qb6 15. Qb3 Qc7 16. Bf4 Bd6 17. Bxd6 Qxd6 18. Ng3 b6 19. Qc2 Nf8 20. Re2 Rxe2 21. Qxe2 Re8 22. Qf2 Qf4 23. Re1 Rxe1+ 1/2-1/2

[Event "Provence-ch access Meyreuil 9900"]
[Site "France"]
[Date "2000.??.??"]
[Round "6"]
[White "Pierrugues, Laurent"]
[Black "Leger, Pascal"]
[Result "0-1"]
[WhiteElo "1850"]
[BlackElo "1720"]
[PlyCount "112"]
[EventDate "1999.??.??"]
[EventType "tourn"]
[EventRounds "9"]
[EventCountry "FRA"]
[SourceTitle "EXT 2005"]
[Source "ChessBase"]
[SourceDate "2004.11.15"]
[SourceVersion "1"]
[SourceVersionDate "2004.11.15"]
[SourceQuality "1"]

1. Nf3 Nc6 2. g3 e5 3. d3 Nf6 4. Bg2 d5 5. 0-0 h6 6. Nbd2 Be6 7. b3 Qd7 8. Bb2 Bd6 9. e4 dxe4 10. dxe4 Bg4 11. Re1 0-0-0 12. Nc4 Qe6 13. Qe2 Bc5 14. c3 a5 15. a3 h5 16. b4 Bxf3 17. Bxf3 Ba7 18. b5 Ne7 19. Ne3 h4 20. Bg2 hxg3 21. hxg3 Bxe3 22. Qxe3 b6 23. f3 Qc4 24. Qe2 Qc5+ 25. Qf2 Rd2 26. Qxc5 bxc5 27. Bc1 Rd3 28. Rb1 Rhd8 29. Kf2 Kb7 30. Bb2 Nc8 31. c4 Nb6 32. Bf1 Rd2+ 33. Kg1 Nh5 34. Bxe5 f6 35. Bf4 Nxf4 36. gxf4 Rh8 37. e5 fxe5 38. fxe5 Rh6 39. Re2 Nxc4 40. Rxd2 Nxd2 41. Rc1 Nxf3+ 42. Kf2 Nxe5 43. Rxc5 Re6 44. Rc3 Rf6+ 45. Kg2 g5 46. Be2 Kb6 47. Kg3 Rh6 48. Re3 Nf7 49. Re7 Nd6 50. Re5 Rh1 51. Bf3 Ra1 52. Bc6 Rxa3+ 53. Kf2 g4 54. Rg5 g3+ 55. Kg2 Rb3 56. Rg7 a4 0-1

[Event "Majeur-chT 0001"]
[Site "France"]
[Date "2000.??.??"]
[Round "1"]
[White "Stoven, Gilles Noel"]
[Black "Pierrugues, Laurent"]
[Result "1/2-1/2"]
[WhiteElo "2040"]
[BlackElo "1820"]
[PlyCount "58"]
[EventDate "2000.??.??"]
[EventType "team"]
[EventRounds "9"]
[EventCountry "FRA"]
[SourceTitle "EXT 2005"]
[Source "ChessBase"]
[SourceDate "2004.11.15"]
[SourceVersion "1"]
[SourceVersionDate "2004.11.15"]
[SourceQuality "1"]

1. e4 e6 2. d4 d5 3. Nc3 Bb4 4. exd5 exd5 5. Bd3 Nf6 6. Bg5 0-0 7. Nge2 Bg4 8. 0-0 c6 9. f3 Bh5 10. Nf4 Bg6 11. Bxg6 hxg6 12. Qd3 Nbd7 13. Nce2 Qb6 14. Kh1 Nh7 15. Bh4 Rae8 16. Bf2 Qc7 17. c3 Bd6 18. Qd2 Nhf6 19. Bg3 Re7 20. Rae1 Rfe8 21. Nd3 Nh5 22. Bxd6 Qxd6 23. Ng1 Nhf6 24. Rxe7 Rxe7 25. Re1 Nh7 26. Nh3 Nhf8 27. Nhf2 Rxe1+ 28. Nxe1 Ne6 29. Ned3 b6 1/2-1/2

[Event "Provence-ch access Vitrolles 9798"]
[Site "France"]
[Date "1998.??.??"]
[Round "7"]
[White "Nobili, Denis"]
[Black "Pierrugues, Laurent"]
[Result "1-0"]
[WhiteElo "2105"]
[BlackElo "1700"]
[PlyCount "51"]
[EventDate "1997.??.??"]
[EventType "tourn"]
[EventRounds "9"]
[EventCountry "FRA"]
[SourceTitle "EXT 2005"]
[Source "ChessBase"]
[SourceDate "2004.11.15"]
[SourceVersion "1"]
[SourceVersionDate "2004.11.15"]
[SourceQuality "1"]

1. e4 e6 2. Nf3 d5 3. Nc3 d4 4. Ne2 c5 5. Ng3 Nc6 6. Bc4 Nf6 7. d3 Be7 8. 0-0 0-0 9. h3 Qc7 10. Nh2 e5 11. f4 exf4 12. Bxf4 Ne5 13. Nf3 Bd6 14. Nxe5 Bxe5 15. Qd2 Bxf4 16. Rxf4 Be6 17. b3 Qe5 18. Nf5 Bxc4 19. bxc4 g6 20. Nh6+ Kg7 21. Raf1 Qg5 22. Ng4 Nxe4 23. dxe4 f5 24. Qf2 Qxf4 25. Qxf4 fxg4 26. Qe5+ 1-0

[Event "Provence-ch Majeur op 9899"]
[Site "France"]
[Date "1998.??.??"]
[Round "3"]
[White "Pierrugues, Laurent"]
[Black "Pieri, Thierry"]
[Result "0-1"]
[WhiteElo "1850"]
[BlackElo "1920"]
[PlyCount "90"]
[EventDate "1998.??.??"]
[EventType "swiss"]
[EventRounds "9"]
[EventCountry "FRA"]
[SourceTitle "EXT 2005"]
[Source "ChessBase"]
[SourceDate "2004.11.15"]
[SourceVersion "1"]
[SourceVersionDate "2004.11.15"]
[SourceQuality "1"]

1. e4 d6 2. d4 Nf6 3. Nc3 g6 4. f3 c6 5. Be3 Nbd7 6. Qd2 b5 7. g4 Nb6 8. Bd3 Nc4 9. Bxc4 bxc4 10. Nge2 h5 11. g5 Nd7 12. f4 Bg7 13. e5 Nb6 14. d5 dxe5 15. dxc6 Qxd2+ 16. Bxd2 Bg4 17. 0-0-0 exf4 18. Bxf4 Bf3 19. Rhe1 Bxc6 20. Nd4 Bxd4 21. Rxd4 Rd8 22. Red1 Rxd4 23. Rxd4 0-0 24. Bc7 f5 25. Bxb6 axb6 26. Rxc4 Bf3 27. Kd2 Rd8+ 28. Ke3 Bd1 29. Rd4 Rxd4 30. Kxd4 Bxc2 31. Nd5 Kf7 32. Nxb6 Ke6 33. Nd5 Kd6 34. Ne3 e5+ 35. Kc3 Be4 36. Nc4+ Kd5 37. Ne3+ Ke6 38. Kd2 f4 39. Nc4 Bd5 40. b3 h4 41. a4 e4 42. a5 Bb7 43. b4 Ba6 44. Na3 e3+ 45. Kd1 Bd3 0-1

[Event "Provence-chB"]
[Site "Provence"]
[Date "1990.??.??"]
[Round "2"]
[White "Madranges, Jean"]
[Black "Pierrugues, Laurent"]
[Result "1-0"]
[WhiteElo "1780"]
[BlackElo "1790"]
[PlyCount "75"]
[EventDate "1990.??.??"]
[EventType "swiss"]
[EventRounds "7"]
[EventCountry "FRA"]
[SourceTitle "EXT 2005"]
[Source "ChessBase"]
[SourceDate "2004.11.15"]
[SourceVersion "1"]
[SourceVersionDate "2004.11.15"]
[SourceQuality "1"]

1. d4 e6 2. c4 d5 3. Nc3 Be7 4. cxd5 exd5 5. Bf4 c6 6. e3 Nf6 7. Nf3 Nbd7 8. Bd3 0-0 9. 0-0 Re8 10. Qc2 Nf8 11. Rab1 Ne6 12. Be5 g6 13. Bxf6 Bxf6 14. b4 b5 15. Nd2 Ng7 16. Ne2 Bd7 17. Nb3 Rc8 18. Rfc1 Bf5 19. Rb2 h5 20. Ng3 Bxd3 21. Qxd3 h4 22. Ne2 Nf5 23. Rbc2 Qd6 24. a3 Kg7 25. Na5 Ne7 26. Rc3 Rc7 27. Qd1 Qd7 28. Nf4 Rec8 29. Nd3 g5 30. Nc5 Qf5 31. Na6 Rd7 32. Nxc6 Rh8 33. Nxe7 Rxe7 34. h3 Rh6 35. Nc5 Re8 36. Qd3 Qc8 37. Nb3 Qb8 38. Qf5 1-0

[Event "Provence-chB"]
[Site "Provence"]
[Date "1990.??.??"]
[Round "1"]
[White "Pierrugues, Laurent"]
[Black "Hurtevent, A."]
[Result "1/2-1/2"]
[WhiteElo "1790"]
[BlackElo "1720"]
[PlyCount "56"]
[EventDate "1990.??.??"]
[EventType "swiss"]
[EventRounds "7"]
[EventCountry "FRA"]
[SourceTitle "EXT 2005"]
[Source "ChessBase"]
[SourceDate "2004.11.15"]
[SourceVersion "1"]
[SourceVersionDate "2004.11.15"]
[SourceQuality "1"]

1. e4 e6 2. d4 d5 3. e5 c5 4. c3 Nc6 5. Nf3 Qb6 6. Be2 cxd4 7. cxd4 Nh6 8. Nc3 Nf5 9. Na4 Qa5+ 10. Bd2 Bb4 11. Bc3 b5 12. a3 Bxc3+ 13. Nxc3 b4 14. axb4 Qxb4 15. Bb5 Bd7 16. Bxc6 Bxc6 17. Qd2 a5 18. 0-0 0-0 19. Rfc1 Rfb8 20. Qd3 Bb5 21. Nxb5 Qxb5 22. Qxb5 Rxb5 23. h3 g6 24. g4 Nh6 25. Ra2 a4 26. Rc3 Rab8 27. Rxa4 Rxb2 28. Ra7 R2b7 1/2-1/2

[Event "Provence-chB"]
[Site "Provence"]
[Date "1990.??.??"]
[Round "4"]
[White "Pierrugues, Laurent"]
[Black "Poggio, Pierre"]
[Result "1-0"]
[WhiteElo "1790"]
[BlackElo "1700"]
[PlyCount "65"]
[EventDate "1990.??.??"]
[EventType "swiss"]
[EventRounds "7"]
[EventCountry "FRA"]
[SourceTitle "EXT 2005"]
[Source "ChessBase"]
[SourceDate "2004.11.15"]
[SourceVersion "1"]
[SourceVersionDate "2004.11.15"]
[SourceQuality "1"]

1. e4 e5 2. Nf3 Nf6 3. Nxe5 d6 4. Nc4 Nxe4 5. d4 d5 6. Ne3 Be7 7. Nd2 0-0 8. Nxe4 dxe4 9. Bc4 c6 10. 0-0 Bd6 11. f3 b5 12. Bb3 Bb7 13. fxe4 Na6 14. e5 Be7 15. c3 c5 16. Bc2 cxd4 17. Bxh7+ Kxh7 18. Qh5+ Kg8 19. Nf5 Bc5 20. Bg5 dxc3+ 21. Kh1 Qd5 22. Rf3 c2 23. Rg3 Rfd8 24. Bxd8 Bf8 25. Bf6 Re8 26. Nh6+ Kh7 27. Nxf7+ Kg8 28. Ng5 Qd1+ 29. Rxd1 cxd1Q+ 30. Qxd1 gxf6 31. Ne6+ Kf7 32. Nxf8 Rxf8 33. Qd7# 1-0

[Event "Provence-chB"]
[Site "Provence"]
[Date "1990.??.??"]
[Round "7"]
[White "Tomasi, Stephane"]
[Black "Pierrugues, Laurent"]
[Result "0-1"]
[WhiteElo "1710"]
[BlackElo "1790"]
[PlyCount "68"]
[EventDate "1990.??.??"]
[EventType "swiss"]
[EventRounds "7"]
[EventCountry "FRA"]
[SourceTitle "EXT 2005"]
[Source "ChessBase"]
[SourceDate "2004.11.15"]
[SourceVersion "1"]
[SourceVersionDate "2004.11.15"]
[SourceQuality "1"]

1. e4 e6 2. d4 d5 3. e5 c5 4. c3 Nc6 5. Nf3 Nge7 6. Be2 cxd4 7. cxd4 Nf5 8. g4 Nh4 9. Nxh4 Qxh4 10. h3 Bb4+ 11. Nc3 0-0 12. Bf4 Bd7 13. Qd2 Qd8 14. g5 Qb6 15. a3 Bxc3 16. bxc3 Na5 17. Qa2 Rac8 18. Rb1 Qc7 19. Bd2 b6 20. Kf1 Nc4 21. Be1 Qd8 22. h4 Qe7 23. a4 Kh8 24. Ra1 f6 25. exf6 gxf6 26. Qc2 fxg5 27. Bxc4 dxc4 28. hxg5 e5 29. g6 Bf5 30. Qd2 Bxg6 31. Qe3 Bd3+ 32. Kg1 Rg8+ 33. Kh2 Qh4+ 34. Qh3 Qf4+ 0-1